| 000 | 00562nam a2200205Ia 4500 | ||
|---|---|---|---|
| 003 | OSt | ||
| 005 | 20230317162416.0 | ||
| 008 | 210423s2005 xx 000 0 und d | ||
| 040 | _cAL | ||
| 041 | _aeng | ||
| 082 |
_a547.2 _223 _bMUKP |
||
| 100 |
_aMUKHERJEE (P N). _943094 |
||
| 245 | _aTextbook of organic reaction mechanism. | ||
| 260 |
_aNew Delhi _bDominant Publishers and Distributors _c2005 |
||
| 300 | _a486 | ||
| 365 |
_b295 _cINR |
||
| 650 |
_aOrganic Chemistry _943095 |
||
| 906 | _amechanism. ; organic ; reaction ; Textbook | ||
| 942 |
_2ddc _cBK |
||
| 999 |
_c153757 _d153757 |
||